| 000 | 00321nam a2200121Ia 4500 | ||
|---|---|---|---|
| 005 | 20260328104342.0 | ||
| 008 | 260328s9999||||xx |||||||||||||| ||und|| | ||
| 100 | _aPinto, Maria Cecilia | ||
| 245 | 0 |
_aGuia Tridimensional de Buenos Aires / _cMaria Cecilia Pinto |
|
| 260 | _bGroup .S.A | ||
| 650 | _aARGENTINA | ||
| 942 | _cBK | ||
| 999 |
_c12169 _d12169 |
||